000 nam a22 7a 4500
999 _c55428
_d55428
003 OSt
005 20220811141905.0
008 220811b xxu||||| |||| 00| 0 eng d
040 _cIIMT UNIVERSITY
100 _aSINHA, H.C
245 _aTHE THEORY OF FUNCTIONS OF A COMPLEX VARIABLE
260 _aMEERUT
_bSHALINI
_c1971
300 _a455
942 _2ddc
_c09